| 000 | 00418nam a22001457a 4500 | ||
|---|---|---|---|
| 008 | 250523b |||||||| |||| 00| 0 eng d | ||
| 020 | _a9789789565993 | ||
| 050 |
_aUA 861.3 _b.G36 |
||
| 100 | _aGambo Zubairu Awwal | ||
| 245 | _aDeveloping the Security Conscious Mindest. | ||
| 260 |
_aN.P _bN.P _c2021 |
||
| 300 | _a131p. | ||
| 650 |
_aNational security- Nigeia evaluation _vTerrorism- prevention- Nigeia |
||
| 942 | _cBK | ||
| 999 |
_c3635 _d3635 |
||